| 000 | 01087nam a2200253 a 4500 | ||
|---|---|---|---|
| 001 | 84485 | ||
| 003 | BD-RjUL | ||
| 005 | 20241208181755.0 | ||
| 008 | 241208s2022 bg a|||| m||| 00| 0 eng d | ||
| 035 | _a(BD-RjUL)84485 | ||
| 040 |
_aBD-RjUL _beng _cBD-RjUL _dBD-RjUL |
||
| 041 | _aeng | ||
| 082 |
_223 _a954.92 _bKHS 2022 |
||
| 100 |
_aKhatun, Mst. Taslima _914622 |
||
| 245 | 1 | 0 |
_aService quality and visitors' satisfaction in heritage sites of Bangladesh : _bRelationship, performance, and policy measures / _cResearcher Mst. Taslima Khatun ; _6Supervisor : Md. Faridul Islam, Co-Supervisor : Md. Mahbubar Rahman |
| 260 |
_aRajshahi : _bInstitute of Bangladesh Studies, University of Rajshahi, _c2022 |
||
| 300 |
_ax, 141 leaves : _bill, ; _c29.cm. |
||
| 502 | _aThesis (M. Phil.) -- Institute of Bangladesh Studies, University of Rajshahi, 2022 | ||
| 504 | _aBibliography : Leaves 123 - 131 | ||
| 650 |
_aHeritag _vHistoric sites _zBangladesh _914623 |
||
| 700 |
_aIslam, Md. Faridul, Supervisor _914624 |
||
| 700 |
_aRahman, Md. Mahbubar, Co-Supervisor _914625 |
||
| 942 |
_2ddc _cTHE |
||
| 999 |
_c84485 _d84485 |
||